| 000 | 01645nam a2200373 a 4500 | ||
|---|---|---|---|
| 001 | ebr5002323 | ||
| 003 | CaPaEBR | ||
| 006 | m u | ||
| 007 | cr cn||||||||| | ||
| 008 | 990520s1999 caua sb 000 0 eng d | ||
| 010 | _z 99208512 | ||
| 020 | _z0833027190 | ||
| 020 | _z0833027204 (executive summary) | ||
| 040 |
_aCaPaEBR _cCaPaEBR |
||
| 035 | _a(OCoLC)70740701 | ||
| 050 | 1 | 4 |
_aHV98.C3 _bW45 1999eb |
| 245 | 0 | 0 |
_aWelfare reform in California _h[electronic resource] : _bstate and county implementation of CalWORKs in the first year / _cGail L. Zellman ... [et al.]. |
| 246 | 3 | 0 | _aState and county implementation of CalWORKs in the first year |
| 246 | 3 | 3 | _aRand statewide CalWORKS evaluation |
| 260 |
_aSanta Monica, CA : _bRand, _c1999. |
||
| 300 |
_axxii, 95 p. : _bill. |
||
| 500 | _a"MR-1051-CDSS"--P. [4] of cover. | ||
| 500 | _a"Prepared for the California Department of Social Services." | ||
| 500 | _aAccompanied by: Executive summary. xi, 23 p. : ill. ; 28 cm. | ||
| 504 | _aIncludes bibliographical references (p. 89-95). | ||
| 533 |
_aElectronic reproduction. _bPalo Alto, Calif. : _cebrary, _d2013. _nAvailable via World Wide Web. _nAccess may be limited to ebrary affiliated libraries. |
||
| 610 | 2 | 0 | _aCalifornia Work Opportunity and Responsibility to Kids (Program) |
| 650 | 0 |
_aWelfare recipients _xEmployment _zCalifornia. |
|
| 650 | 0 |
_aPublic welfare _zCalifornia. |
|
| 655 | 7 |
_aElectronic books. _2local |
|
| 700 | 1 | _aZellman, Gail. | |
| 710 | 2 | _aebrary, Inc. | |
| 856 | 4 | 0 |
_uhttp://site.ebrary.com/lib/rucke/Doc?id=5002323 _zAn electronic book accessible through the World Wide Web; click to view |
| 999 |
_c1700 _d1700 |
||